El Banco Mundial: un caso de progresismo conservador /
Salvato in:
| Autore principale: | |
|---|---|
| Altri autori: | |
| Natura: | testo |
| Pubblicazione: |
San José:
DEI
|
| Tags: |
Aggiungi Tag
Nessun Tag, puoi essere il primo ad aggiungerne!!
|
MARC
| LEADER | 00000 a a2200000 04500 | ||
|---|---|---|---|
| 001 | 22645 | ||
| 003 | |||
| 040 | |||
| 090 | |a 155200 | ||
| 100 | |a Zúñiga S., María de los Angeles | ||
| 245 | |a El Banco Mundial: un caso de progresismo conservador / |c María de los Angeles Zúñiga S. | ||
| 260 | |a San José: |b DEI | ||
| 300 | |a 247 p | ||
| 700 | |a Payer, Cheryl |a Moore Lappé, Frances |a Collins, Joseph |a Keene, Beverly |a Torres, Claudio |a Carty, Robert |a Assmann, Hugo |a edit. | ||
| 999 | |c 14314 |d 14314 | ||
